Music Quiz

Random Music or Song Quiz

RED Band Albums And Songs Quiz Stats

Quiz not verified by Sporcle

Also try: 2-Word Bands (A-Z)
Challenge
Share
Tweet
Embed
Score 0/91 Timer 10:00
0 Plays Today
Album Song % Correct
End Of SilenceBreathe into Me
84.9%
End Of SilenceAlready Over
83%
End Of SilenceLost
83%
End Of SilencePieces
81.1%
Until We Have FacesFeed the Machine
81.1%
Until We Have FacesFaceless
81.1%
End Of SilenceIntro (End of Silence)
77.4%
Innocence & InstinctDeath of Me
77.4%
Release the PanicRelease the Panic
77.4%
Innocence & InstinctShadows
75.5%
Innocence & InstinctCanto III (Intro)
73.6%
End Of SilenceLet Go
71.7%
End Of SilenceHide
71.7%
Innocence & InstinctFight Inside
71.7%
Innocence & InstinctForever
71.7%
Release the PanicGlass House
71.7%
End Of SilenceBreak Me Down
69.8%
Innocence & InstinctMystery of You
69.8%
Until We Have FacesHymn for the Missing
69.8%
of Beauty and RageShadow and Soul
68.2%
of Beauty and RageDarkest Part
68.2%
End Of SilenceAlready Over, Pt. 2
67.9%
Innocence & InstinctConfession (What's Inside My Head)
67.9%
Until We Have FacesLie To Me (Denial)
66%
of Beauty and RageDescent
65.9%
of Beauty and RageImpostor
65.9%
of Beauty and RageThe Forest
65.9%
of Beauty and RageGravity Lies
65.9%
Innocence & InstinctStart Again
64.2%
Innocence & InstinctOrdinary World
64.2%
Until We Have FacesNot Alone
64.2%
Album Song % Correct
of Beauty and RageAscent
63.6%
End Of SilenceWasting Time
62.3%
Until We Have FacesBuried Beneath
62.3%
Release the PanicHold Me Now
62.3%
Innocence & InstinctNever Be the Same
60.4%
Until We Have FacesThe Outside
60.4%
Release the PanicDamage
60.4%
of Beauty and RageFalling Sky
59.1%
of Beauty and RageThe Ever
59.1%
of Beauty and RagePart That's Holding On
59.1%
Until We Have FacesBest Is Yet to Come
58.5%
Release the PanicAs You Go
58.5%
of Beauty and RageYours Again
56.8%
Until We Have FacesLet It Burn
56.6%
Until We Have FacesWho We Are
56.6%
Release the PanicPerfect Life
56.6%
Release the Panic: RecalibratedRun and Escape
56.6%
of Beauty and RageTake Me Over
54.5%
End Of SilenceGave It All Away
52.8%
Innocence & InstinctOut from Under
52.8%
Innocence & InstinctTake It All Away
52.8%
Innocence & InstinctNothing and Everything
52.8%
Release the Panic: RecalibratedRelease the Panic (Recalibrated)
52.8%
of Beauty and RageFight to Forget
52.3%
Innocence & InstinctOvertake You
50.9%
of Beauty and RageOf These Chains
50%
Release the PanicSo Far Away
49.1%
of Beauty and RageWhat You Keep Alive
47.7%
Release the PanicBreathe Into Me (Remix Acustica)
47.2%
Release the Panic: RecalibratedDamage (Recalibrated)
45.3%
Release the Panic: RecalibratedGlass House (Recalibrated)
45.3%
Album Song % Correct
Release the Panic: RecalibratedAs You Go (Recalibrated)
45.3%
Until We Have FacesWatch You Crawl
43.4%
End Of Silence: 10th Anniversary EditionIntro (End of Silence) [2016 Remastered]
43.3%
End Of Silence: 10th Anniversary EditionBreathe Into Me (2016 Remastered)
43.3%
End Of Silence: 10th Anniversary EditionAlready Over (2016 Remastered)
43.3%
End Of Silence: 10th Anniversary EditionLost (2016 Remastered)
43.3%
End Of Silence: 10th Anniversary EditionCircles (Working Demo - Instrumental)
43.3%
Release the PanicDie for You
41.5%
End Of Silence: 10th Anniversary EditionPieces (2016 Remastered)
40%
End Of Silence: 10th Anniversary EditionHide (2016 Remastered)
40%
Release the Panic: RecalibratedHold Me Now (Recalibrated)
39.6%
Release the PanicSame Disease
37.7%
Release the PanicIf We Only
37.7%
Release the PanicThe Moment We Come Alive
37.7%
End Of SilenceLost (Acoustic Version)
37.7%
End Of Silence: 10th Anniversary EditionBreak Me Down (2016 Remastered)
36.7%
End Of Silence: 10th Anniversary EditionWasting Time (2016 Remastered)
36.7%
End Of Silence: 10th Anniversary EditionLost (Acoustic Version)
36.7%
End Of Silence: 10th Anniversary EditionIf I Break
36.7%
Release the Panic: RecalibratedSo Far Away (Recalibrated)
34%
End Of Silence: 10th Anniversary EditionLet Go (2016 Remastered)
33.3%
End Of Silence: 10th Anniversary EditionGave It All Away (2016 Remastered)
30%
Release the PanicLove Will Leave a Mark
28.3%
Release the PanicHymn for the Missing (Guillotine Remix)
28.3%
Release the PanicDeath of Me (Guillotine Remix)
28.3%
End Of Silence: 10th Anniversary EditionAlready Over (Acoustic Version)
23.3%
End Of Silence: 10th Anniversary EditionHide (Acoustic Version)
23.3%
End Of Silence: 10th Anniversary EditionAlready Over, Pt. 2 (2016 Remastered)
16.7%
End Of Silence: 10th Anniversary EditionBreathe Into Me (Remix Acustica) [2016 Remastered]
10%

You're not logged in!

Compare scores with friends on all Sporcle quizzes.
Join for Free
OR
Log In

You Might Also Like...

Show Comments

Extras

Created Nov 2, 2014ReportNominate
Tags:Album Quiz, Song Quiz, red

Top Quizzes Today


Score Distribution

Your Account Isn't Verified!

In order to create a playlist on Sporcle, you need to verify the email address you used during registration. Go to your Sporcle Settings to finish the process.

Report this User

Report this user for behavior that violates our Community Guidelines.

Details: